La enseñanza de las ciencias sociales /

Guardado en:
Autor Principal: Franqueiro, Amanda A.
Formato: Libro
Publicado: Argentina : El Ateneo, 1975
Edición:2a. ed.
Materias:
Etiquetas: Agregar Etiqueta
Sin Etiquetas, Sea el primero en etiquetar este registro!
LEADER 00593nam a22001935a 4500
001 CEM.cems002609
005 19000101000000.0
008 130507s1975##################000#0#####d
003 CEMS
082 0 4 |a 372.83 
100 1 |a Franqueiro, Amanda A. 
245 1 0 |a La enseñanza de las ciencias sociales / 
250 |a 2a. ed. 
260 |a Argentina :  |b El Ateneo,  |c 1975 
300 |a 80 p. 
653 |a Didactica de las ciencias sociales 
653 |a Educacion 
859 |a CEMS  |b BIB. CEMS - 11 de abril  |h 372.83  |i F86a2  |p 11074.82  |t Ej.1 
859 |a CEMS  |b BIB. CEMS - 11 de abril  |h 372.83  |i F86a2  |p 14638.87  |t Ej.2